00741pab a2200145 454500008004000000100001500040245005200055260000900107300001400116362001200130520039700142650001000539650002900549773001700578180718b2005 xxu||||| |||| 00| 0 eng d aVijaya, C. aGender and ICT: towards an analytical framework c2005 ap.558-64. aJan-Mar aThis paper presents a range of perspectives on gender, information and communication technology (ICT) drawn from a review of the literature. The aim is to present some of the major debates and critiques of ICT to highlight some important issues of concern for women. It also provides an analytical framework from which to view women's global participation in computer networking. -Reproduced. aWomen aCommunication technology aProductivity